000170471 001__ 170471
000170471 005__ 20260422085545.0
000170471 0247_ $$2doi$$a10.4067/S0718-07052025000200363
000170471 0248_ $$2sideral$$a148962
000170471 037__ $$aART-2025-148962
000170471 041__ $$aspa
000170471 100__ $$0(orcid)0000-0001-8054-8997$$aGargallo-Castel, Ana Felicitas$$uUniversidad de Zaragoza
000170471 245__ $$aActitudes del Estudiantado Universitario ante las Tutorías Académicas en Ciencias Sociales
000170471 260__ $$c2025
000170471 5060_ $$aAccess copy available to the general public$$fUnrestricted
000170471 5203_ $$aEl fomento de actitudes positivas hacia las tutorías requiere un conocimiento previo de las mismas. El objetivo de este trabajo es analizar una escala de actitudes hacia las tutorías académicas del estudiantado universitario de ciencias sociales. Los resultados con una muestra de 309 estudiantes reflejan una estructura con tres factores: seguridad en sí mismo, utilidad-desarrollo y utilidad-finalista. No se detecta inseguridad o falta de autoconfianza del estudiantado ante el uso de las tutorías, si bien se aprecia cierta indiferencia sobre la utilidad de las tutorías, lo que demanda actuaciones para su mejora a través de una estrategia docente integral.
000170471 536__ $$9info:eu-repo/grantAgreement/ES/DGA/S11-23R-CEMBE$$9info:eu-repo/grantAgreement/ES/DGA/S28-23R-GESES$$9info:eu-repo/grantAgreement/ES/DGA/S42-23R-CREVALOR$$9info:eu-repo/grantAgreement/ES/MICINN/PID2020-113338RB-I00$$9info:eu-repo/grantAgreement/ES/UZ/PIIDUZ-23-4959
000170471 540__ $$9info:eu-repo/semantics/openAccess$$aby$$uhttps://creativecommons.org/licenses/by/4.0/deed.es
000170471 655_4 $$ainfo:eu-repo/semantics/article$$vinfo:eu-repo/semantics/publishedVersion
000170471 700__ $$0(orcid)0000-0003-1659-7617$$aPérez-Sanz, Francisco Javier$$uUniversidad de Zaragoza
000170471 700__ $$0(orcid)0000-0001-6511-1893$$aEsteban-Salvador, Luisa$$uUniversidad de Zaragoza
000170471 7102_ $$14012$$2650$$aUniversidad de Zaragoza$$bDpto. Direcc.Organiza.Empresas$$cÁrea Organización de Empresas
000170471 7102_ $$14002$$2230$$aUniversidad de Zaragoza$$bDpto. Contabilidad y Finanzas$$cÁrea Economía Finan. y Contab.
000170471 773__ $$g51, 2 (2025), 363-381$$pEstud. pedagóg. (Valdivia)$$tEstudios Pedagogicos (Valdivia)$$x0716-050X
000170471 8564_ $$s208688$$uhttps://zaguan.unizar.es/record/170471/files/texto_completo.pdf$$yVersión publicada
000170471 8564_ $$s1163490$$uhttps://zaguan.unizar.es/record/170471/files/texto_completo.jpg?subformat=icon$$xicon$$yVersión publicada
000170471 909CO $$ooai:zaguan.unizar.es:170471$$particulos$$pdriver
000170471 951__ $$a2026-04-22-08:33:06
000170471 980__ $$aARTICLE